|
|
|
|
| LEADER |
01859nam a2200277 a 4500 |
| 001 |
0017988 |
| 003 |
BD-DhAAL |
| 008 |
090507s2000 gw a b 001 0 eng d |
| 010 |
|
|
|a \\\00033072
|
| 020 |
|
|
|a 0792363760 (alk. paper)
|
| 082 |
0 |
0 |
|a 621.46
|2 21
|
| 245 |
0 |
0 |
|a Modern electrical drives /
|c edited by H. Bülent Ertan ... [et al.].
|
| 260 |
|
|
|a Dordrecht ;
|a Boston :
|b Kluwer Academic Publishers,
|c 2000.
|
| 300 |
|
|
|a xxi, 765 p. :
|b ill. ;
|c 25 cm.
|
| 490 |
1 |
|
|a NATO ASI series. Series E, Applied sciences ;
|v vol. 369
|
| 504 |
|
|
|a Includes bibliographical references and index.
|
| 526 |
|
|
|a EEE
|x Md Sayeed Salam
Department of Electrical and Electronic Engineering
BRAC University
Course Name : Generalized Machine Theory (EEE 573)
|
| 541 |
1 |
|
|e 0017988, 0017989
|a D. S. Books International
|
| 650 |
|
0 |
|a Electric driving.
|9 58590
|
| 700 |
1 |
|
|a Ertan, H. Bülent.
|9 58591
|
| 852 |
4 |
|
|a Ayesha Abed Library
|c General Stacks
|
| 942 |
|
|
|2 ddc
|c BK
|
| 999 |
|
|
|c 478
|d 478
|
| 952 |
|
|
|0 0
|1 0
|2 ddc
|4 0
|6 621_460000000000000_MOD_2000
|7 0
|9 433
|a BRACUL
|b BRACUL
|c GEN
|d 2009-05-07
|l 0
|o 621.46 MOD
|p 3010018304
|r 2009-05-07
|t 3
|w 2009-05-07
|y BK
|
| 952 |
|
|
|0 0
|1 0
|2 ddc
|4 0
|6 621_460000000000000_MOD_2000
|7 0
|9 10643
|a BRACUL
|b BRACUL
|c GEN
|d 2010-06-03
|e D. S. Books International
|l 0
|o 621.46 MOD
|p 3010017988
|r 2010-06-03
|t 1
|w 2010-06-03
|y BK
|x Requisitioned by Md Sayeed Salam Department of Electrical and Electronic Engineering, BRAC University for the course named- "Generalized Machine Theory (EEE 573)" ; USD 541.22
|
| 952 |
|
|
|0 0
|1 0
|2 ddc
|4 0
|6 621_460000000000000_MOD_2000
|7 0
|9 11296
|a BRACUL
|b BRACUL
|c GEN
|d 2010-06-28
|e D. S. Books International
|l 1
|m 2
|o 621.46 MOD
|p 3010017989
|r 2014-02-10
|s 2014-01-28
|t 2
|w 2010-06-28
|y BK
|x Requisitioned by Md Sayeed Salam Department of Electrical and Electronic Engineering, BRAC University for the course named- "Generalized Machine Theory (EEE 573)" ; USD 541.22
|